[Event "Kiel op 28th"]
[Site "Kiel"]
[Date "2015.07.27"]
[Round "5"]
[White "Rohmann, Volker"]
[Black "Helmich, Joerg"]
[Result "1/2-1/2"]
[WhiteElo "1841"]
[BlackElo "1704"]
[PlyCount "81"]
[EventDate "2015.07.25"]
[EventType "swiss"]
[EventRounds "9"]
[EventCountry "GER"]
[SourceTitle "CBM 167 Extra"]
[Source "ChessBase"]
[SourceDate "2015.09.14"]
[SourceVersion "1"]
[SourceVersionDate "2015.09.14"]
[SourceQuality "1"]

1. e4 e6 2. d4 d5 3. e5 c5 4. c3 Nc6 5. Nf3 Qb6 6. a3 c4 7. g3 f6 8. Bg2 fxe5 9. Nxe5 Nxe5 10. dxe5 Bc5 11. 0-0 Ne7 12. Nd2 0-0 13. Qe2 Bd7 14. Rb1 Ba4 15. Nf3 Ng6 16. h4 Ne7 17. h5 h6 18. Nh4 Be8 19. g4 Nc6 20. Ng6 Bxg6 21. hxg6 Rxf2 22. Rxf2 Rf8 23. Bf3 Nxe5 24. Qxe5 Rxf3 25. Bxh6 Bxf2+ 26. Kg2 Rg3+ 27. Kh2 gxh6 28. Qf4 Bg1+ 29. Kxg3 Qe3+ 30. Qxe3 Bxe3 31. Re1 d4 32. cxd4 Bxd4 33. Rxe6 Bxb2 34. Re7 c3 35. Rc7 b5 36. Kf3 a5 37. Ke2 b4 38. axb4 axb4 39. Kd3 b3 40. Rxc3 Bxc3 41. Kxc3 1/2-1/2

[Event "Nittenau-ch 14th"]
[Site "Nittenau"]
[Date "2014.09.06"]
[Round "2"]
[White "Paar, Johannes"]
[Black "Helmich, Joerg"]
[Result "1/2-1/2"]
[WhiteElo "1932"]
[BlackElo "1519"]
[PlyCount "81"]
[EventDate "2014.09.05"]
[EventType "swiss"]
[EventRounds "5"]
[EventCountry "GER"]
[SourceTitle "CBM 162 Extra"]
[Source "ChessBase"]
[SourceDate "2014.10.17"]
[SourceVersion "1"]
[SourceVersionDate "2014.10.17"]
[SourceQuality "1"]

1. d4 Nf6 2. c4 g6 3. Nc3 d5 4. cxd5 Nxd5 5. e4 Nxc3 6. bxc3 Bg7 7. Bc4 c5 8. Ne2 Nc6 9. Be3 cxd4 10. cxd4 0-0 11. 0-0 Bg4 12. f3 Bd7 13. Rb1 Na5 14. Bd3 a6 15. a4 Rc8 16. Rb4 Qc7 17. Qb1 Qd6 18. Rd1 Nc6 19. Rb6 e6 20. Bf2 Rfd8 21. Bc2 Qa3 22. Rd3 Qe7 23. Be1 Be8 24. Rxb7 Rc7 25. Rxc7 Qxc7 26. Bf2 Rb8 27. Rb3 Rxb3 28. Bxb3 Na5 29. Qc2 Qd7 30. d5 Nxb3 31. Qxb3 Qxa4 32. Qxa4 Bxa4 33. d6 Be5 34. Bc5 Bb5 35. Nc1 Bd7 36. Nd3 Bc3 37. Ba3 Kf8 38. Nc5 Bd4+ 39. Kf1 Bxc5 40. Bxc5 Ke8 41. e5 1/2-1/2

[Event "Nittenau-ch 13th"]
[Site "Nittenau"]
[Date "2013.09.15"]
[Round "4"]
[White "Helmich, Joerg"]
[Black "Kammer, Philipp"]
[Result "1/2-1/2"]
[WhiteElo "1529"]
[BlackElo "1415"]
[PlyCount "43"]
[EventDate "2013.09.13"]
[EventType "swiss"]
[EventRounds "5"]
[EventCountry "GER"]
[SourceTitle "EXT 2022"]
[Source "ChessBase"]
[SourceDate "2021.10.06"]
[SourceVersion "1"]
[SourceVersionDate "2021.10.06"]
[SourceQuality "1"]

1. d4 d5 2. c4 Nc6 3. Nf3 Bf5 4. Nc3 e6 5. Bg5 f6 6. Bh4 g5 7. Bg3 a6 8. e3 h5 9. h3 Nh6 10. cxd5 exd5 11. Bd3 Qd7 12. a3 0-0-0 13. Qc2 Re8 14. Bxf5 Nxf5 15. Bh2 Nfxd4 16. Nxd4 Nxd4 17. Qd3 Nb3 18. Rd1 d4 19. 0-0 Bc5 20. Ne4 Qe6 21. Nxc5 Nxc5 22. Qxd4 1/2-1/2

[Event "Kiel op-A 26th"]
[Site "Kiel"]
[Date "2013.07.27"]
[Round "2"]
[White "Bahr, Torsten"]
[Black "Helmich, Joerg"]
[Result "1-0"]
[WhiteElo "1927"]
[BlackElo "1779"]
[PlyCount "45"]
[EventDate "2013.07.27"]
[EventType "swiss"]
[EventRounds "9"]
[EventCountry "GER"]
[SourceTitle "EXT 2018"]
[Source "ChessBase"]
[SourceDate "2017.10.13"]
[SourceVersion "1"]
[SourceVersionDate "2017.10.13"]
[SourceQuality "1"]

1. Nc3 d5 2. e4 e6 3. Nf3 Nf6 4. exd5 exd5 5. d4 Be7 6. Bd3 Bg4 7. h3 Bh5 8. g4 Bg6 9. Ne5 Bxd3 10. Qxd3 c6 11. Bd2 Nbd7 12. f4 Nxe5 13. fxe5 Nd7 14. 0-0-0 Qc7 15. Rhf1 h6 16. Qf5 Rf8 17. e6 fxe6 18. Qg6+ Kd8 19. Qxg7 Bf6 20. Qxh6 Rh8 21. Qg6 Ke7 22. Bg5 Raf8 23. Qg7+ 1-0

[Event "Stuttgart-chA int"]
[Site "Ditzingen"]
[Date "2013.05.10"]
[Round "4"]
[White "Schoembs, Oliver"]
[Black "Helmich, Joerg"]
[Result "1-0"]
[WhiteElo "1870"]
[BlackElo "1803"]
[PlyCount "95"]
[EventDate "2013.05.09"]
[EventType "swiss"]
[EventRounds "7"]
[EventCountry "GER"]
[SourceTitle "EXT 2014"]
[Source "ChessBase"]
[SourceDate "2013.11.20"]
[SourceVersion "1"]
[SourceVersionDate "2013.11.20"]
[SourceQuality "1"]

1. e4 e5 2. Nf3 Nf6 3. Nxe5 d6 4. Nf3 Nxe4 5. d4 d5 6. Bd3 Nc6 7. 0-0 Be7 8. Nc3 Nxc3 9. bxc3 Bg4 10. Rb1 Rb8 11. Re1 Bxf3 12. Qxf3 0-0 13. Rb5 Bd6 14. Rxd5 Re8 15. Be3 Ne7 16. Rh5 g6 17. Rh3 Qd7 18. Kf1 Nf5 19. Bd2 Rxe1+ 20. Bxe1 c6 21. Bc4 Bf8 22. Bd2 b5 23. Bd3 Re8 24. g4 Nd6 25. Rg3 Nc4 26. Bg5 Qd5 27. Qxd5 cxd5 28. h4 h6 29. Bc1 Kg7 30. h5 g5 31. Rf3 a6 32. Rf5 Rd8 33. f4 f6 34. fxg5 fxg5 35. Rf2 Re8 36. Bg6 Re7 37. Rf5 Ne3+ 38. Bxe3 Rxe3 39. Rxd5 Rxc3 40. Rd7+ Kg8 41. Kg2 Rc8 42. d5 Bg7 43. Bf5 Re8 44. Ra7 Bd4 45. Be6+ Kh8 46. Rxa6 Rf8 47. Bf5 Re8 48. Rxh6+ 1-0

[Event "Kiel op 25th"]
[Site "Kiel"]
[Date "2012.07.28"]
[Round "2"]
[White "Rohmann, Volker"]
[Black "Helmich, Joerg"]
[Result "1/2-1/2"]
[WhiteElo "1898"]
[BlackElo "1803"]
[PlyCount "45"]
[EventDate "2012.07.28"]
[EventType "swiss"]
[EventRounds "9"]
[EventCountry "GER"]
[SourceTitle "EXT 2015"]
[Source "ChessBase"]
[SourceDate "2014.11.20"]
[SourceVersion "1"]
[SourceVersionDate "2014.11.20"]
[SourceQuality "1"]

1. e4 e6 2. d4 d5 3. Nc3 Bb4 4. e5 c5 5. Bd2 a6 6. dxc5 Ne7 7. f4 Bxc5 8. Nf3 Nbc6 9. Bd3 Bd7 10. Qe2 Nb4 11. a3 Nxd3+ 12. cxd3 Nf5 13. g4 Nd4 14. Nxd4 Bxd4 15. 0-0-0 Rc8 16. Kb1 Qb6 17. Rc1 Qb3 18. Qd1 Qxd1 19. Rhxd1 0-0 20. Ne2 Ba7 21. Rxc8 Rxc8 22. Rc1 Rxc1+ 23. Kxc1 1/2-1/2

[Event "Kiel op-A 19th"]
[Site "Kiel"]
[Date "2006.07.22"]
[Round "2"]
[White "Haffner, Alexander"]
[Black "Helmich, Joerg"]
[Result "1-0"]
[WhiteElo "2156"]
[BlackElo "1840"]
[PlyCount "79"]
[EventDate "2006.07.22"]
[EventType "swiss"]
[EventRounds "9"]
[EventCountry "GER"]
[SourceTitle "CBM 113 Extra"]
[Source "ChessBase"]
[SourceDate "2006.09.14"]
[SourceVersion "1"]
[SourceVersionDate "2006.09.14"]
[SourceQuality "1"]

1. Nf3 f5 2. c4 Nf6 3. g3 g6 4. Bg2 Bg7 5. Nc3 0-0 6. d4 d6 7. 0-0 Qe8 8. d5 a5 9. Nd4 Na6 10. Bg5 Nc5 11. Ncb5 Qd8 12. Qc1 e5 13. dxe6 c6 14. Nc3 Nxe6 15. Nxe6 Bxe6 16. b3 Qd7 17. Rb1 f4 18. Bxf4 Nh5 19. Bh6 Bh3 20. Bxg7 Nxg7 21. Qd2 Bxg2 22. Kxg2 Rad8 23. Rbd1 Ne8 24. e4 Qf7 25. f4 Nf6 26. e5 Ne8 27. Ne4 d5 28. Ng5 Qf5 29. Qxa5 Ng7 30. cxd5 cxd5 31. Qd2 h6 32. Nf3 Ne6 33. Qd3 Qxd3 34. Rxd3 g5 35. Nd4 Nxd4 36. Rxd4 gxf4 37. gxf4 Ra8 38. Rf2 Ra5 39. f5 Rfa8 40. a4 1-0

[Event "Stuttgart-chA int"]
[Site "Ditzingen"]
[Date "2006.05.27"]
[Round "5"]
[White "Ohnmacht, Rolf"]
[Black "Helmich, Joerg"]
[Result "1-0"]
[WhiteElo "1979"]
[BlackElo "1848"]
[PlyCount "59"]
[EventDate "2006.05.25"]
[EventType "swiss"]
[EventRounds "7"]
[EventCountry "GER"]
[SourceTitle "EXT 2018"]
[Source "ChessBase"]
[SourceDate "2017.10.13"]
[SourceVersion "1"]
[SourceVersionDate "2017.10.13"]
[SourceQuality "1"]

1. b3 f5 2. Bb2 Nf6 3. e3 g6 4. f4 Bg7 5. Nf3 0-0 6. Na3 d6 7. Bc4+ d5 8. Be2 Nc6 9. Bb5 Bd7 10. Bxc6 Bxc6 11. Ne5 Qd6 12. Qe2 Nd7 13. d4 e6 14. c3 a5 15. Nc2 b5 16. Ba3 b4 17. cxb4 Nxe5 18. fxe5 Qd7 19. bxa5 Rfb8 20. Bb4 Bf8 21. Bxf8 Kxf8 22. Qd2 Bb5 23. a4 Ba6 24. Qc3 c6 25. Kf2 Kg7 26. Rhc1 Rf8 27. Nb4 f4 28. Qxc6 fxe3+ 29. Kxe3 Qf7 30. Qc7 1-0

[Event "Hamburg Junge op"]
[Site "Hamburg"]
[Date "2005.10.08"]
[Round "8"]
[White "Helmich, Joerg"]
[Black "Kroencke, Manfred"]
[Result "0-1"]
[WhiteElo "1873"]
[BlackElo "2194"]
[PlyCount "62"]
[EventDate "2005.10.01"]
[EventType "swiss"]
[EventRounds "9"]
[EventCountry "GER"]
[SourceTitle "CBM 108 Extra"]
[Source "ChessBase"]
[SourceDate "2005.11.04"]
[SourceVersion "1"]
[SourceVersionDate "2005.11.04"]
[SourceQuality "1"]

1. e4 c5 2. Nf3 e6 3. d4 cxd4 4. Nxd4 Nc6 5. Nc3 Qc7 6. Be2 a6 7. Be3 Nf6 8. 0-0 Bb4 9. Na4 0-0 10. Nxc6 bxc6 11. Nb6 Rb8 12. Nxc8 Rfxc8 13. Bxa6 Rf8 14. Bd3 Bd6 15. f4 e5 16. f5 Rxb2 17. Bg5 Be7 18. Bxf6 Bxf6 19. Rf3 Qa7+ 20. Kf1 Rxa2 21. Rxa2 Qxa2 22. Rh3 Rb8 23. Qh5 Rb1+ 24. Ke2 h6 25. g4 c5 26. Rg3 c4 27. g5 Bxg5 28. h4 cxd3+ 29. Kxd3 Qa6+ 30. Kc3 Qc6+ 31. Kd3 Qd6+ 0-1

[Event "Hamburg Junge op"]
[Site "Hamburg"]
[Date "2005.10.06"]
[Round "6"]
[White "Helmich, Joerg"]
[Black "Schuette, Andreas"]
[Result "0-1"]
[WhiteElo "1873"]
[BlackElo "2201"]
[PlyCount "44"]
[EventDate "2005.10.01"]
[EventType "swiss"]
[EventRounds "9"]
[EventCountry "GER"]
[SourceTitle "CBM 108 Extra"]
[Source "ChessBase"]
[SourceDate "2005.11.04"]
[SourceVersion "1"]
[SourceVersionDate "2005.11.04"]
[SourceQuality "1"]

1. e4 e5 2. Nf3 Nc6 3. Bb5 a6 4. Bxc6 dxc6 5. 0-0 Bg4 6. h3 h5 7. d3 Qf6 8. Nbd2 g5 9. Re1 Be6 10. Nf1 g4 11. Ng5 Bc5 12. Qe2 Bd7 13. Be3 Bxe3 14. Qxe3 Qh6 15. h4 f6 16. Qg3 Ne7 17. Ne3 Qf8 18. Nf5 0-0-0 19. d4 fxg5 20. Qxe5 Nxf5 21. exf5 Re8 22. Qg3 Qxf5 0-1